Sherlock Trivia #1 - Statistics

General Stats
  • This quiz has been taken 41 times
  • The average score is 15 of 20
Answer Stats
Question Answer % Correct
True or False - Sherlock had a dog called Redbeard? False
100%
True or False - Sherlock's parents are dead? False
100%
True or False - Doctor Who actor Matt Smith auditioned for the part of John? True
97%
Where had John come back from? Afghanistan
91%
Who plays Sherlock? Benedict Cumberbatch
91%
Complete this line: The ____ is on Game
91%
What was John's role in the army? Doctor
89%
What is Lestrade's first name? Greg
86%
Co-creator Mark Gatiss plays which character in the programme? Mycroft Holmes
83%
What year was the first series of Sherlock broadcast? 2010
80%
What is NOT Mrs Hudson's job? Housekeeper
80%
What is John's middle name? Hamish
77%
Complete the episode name: The ______ Fall Reichenbach
77%
Complete the episode name: The Blind _____ Banker
74%
What is the name of John's sister? Harry/Harriet
69%
What does John have in his hair when he gets on the bus in Series 4? Flower
63%
What is Jim Moriarty's ringtone? Staying Alive
60%
Where is Mary shot? Aquarium
49%
What is the name of Sherlock's sister? Euros
43%
What is the name of Magnussen's mansion? Appledore
37%
No matching quizzes found
Score Distribution
Percent of People with Each Score
Percentile by Number Answered
Your Score History
You have not taken this quiz